|
|
|
|
| LEADER |
00000nam a22000007a 4500 |
| 005 |
20190819164254.0 |
| 007 |
cr|||| |||| |
| 008 |
190819s2019 br |||||s|||| 00||0 por d |
| 020 |
|
|
|a 978-65-5010-001-8
|
| 035 |
|
|
|a 24122
|
| 040 |
|
|
|a vLex
|
| 090 |
|
|
|c 9236
|d 9236
|
| 100 |
1 |
|
|a Ganim, Antonio
|
| 245 |
1 |
0 |
|a Setor elťrico brasileiro
|h [Recurso electrn̤ico] :
|b aspectos regulamentares, tributr̀ios e contb̀eis /
|c Antonio Ganim
|
| 256 |
|
|
|a Servicio en ln̕ea
|
| 260 |
|
|
|a Rio de Janeiro:
|b Synergia Editora,
|c 2019
|
| 300 |
|
|
|a 1 recurso electrn̤ico
|
| 500 |
|
|
|a “A regulamentaȯ̂ especf̕ica do setor de energia elťrica no Brasil ̌bastante dinḿica, assim como os aspectos tributr̀ios e contb̀eis – nô s ̤do Setor Elťrico, mas no contexto econm̥ico geral –, tambm̌ o sô. Semanalmente, deparamo-nos com uma avalanche de novos atos legais e infralegais, instituindo regras novas ou revisando as existentes, fato que caracteriza o acompanhamento e a compreensô dos aspectos regulamentares, tributr̀ios e contb̀eis como uma das tarefas mais desafiadoras do setor. A compreensô da importńcia e abrangn̊cia das normas, sejam novas ou revisadas, assim como a avaliaȯ̂ dos procedimentos a serem implantados em decorrn̊cia da sua ediȯ̂ e os respectivos impactos sobre os agentes regulados, requer uma apreciaȯ̂ atenta e minuciosa dos novos textos, os quais, por nô trazerem uma visô consolidada, exigem uma anl̀ise comparativa pormenorizada, confrontando-se os preceitos dos novos dispositivos com aqueles preexistentes. O acervo de informaė̳s contido neste livro ̌de grande valia, pois contempla na versô editada, o conhecimento de como o tema vinha sendo tratado na regulamentaȯ̂ precedente e facilita a comparaȯ̂ do novo preceito com o preexistente, propiciando, por conseguinte, uma boa compreensô das mudanȧs introduzidas. Neste contexto, a obra do Ganim consolida-se com uma importante fonte para consultas e pesquisas, dado que ̌muito improvv̀el que um tema associado a qualquer questô regulamentar, tributr̀ia ou contb̀il do Setor Elťrico nô seja nele encontrado.”
|
| 506 |
1 |
|
|a Disponible solo en los productos indicados
|d vLex Global
|d vLex Global (Academic Edition, excluding Law Schools)
|d vLex Global (U.S. Academic Edition, Law Schools)
|d vLex Global (U.S. Academic Edition, excluding Law Schools)
|d vLex Global (Academic Edition, Law Schools)
|
| 650 |
0 |
4 |
|a Derecho Pb︢lico y Administrativo
|z Brasil
|
| 740 |
0 |
|
|a vLex Libros (Servicio en ln̕ea)
|
| 856 |
4 |
0 |
|u http://vlex.com/source/setor-eletrico-brasileiro-aspectos-regulamentares-tributarios-e-contabeis-24122
|z Acceso restringido
|
| 942 |
|
|
|c BOOK
|
| 999 |
0 |
|
|a Public and Administrative Law
|